Italiani nella Basketball Hall of Fame (NBA) - Statistics

Statistiche generali
  • Questo quiz è stato fatto 3 volte
  • Il punteggio medio è 3 su 5
Statistiche sulle risposte
Anno Ruolo Nome % Corretto
2003 Giocatore Dino Meneghin
100%
2006 Allenatore Sandro Gamba
67%
1993 Allenatore Cesare Rubini
33%
2000 Contributore Danny Biasone
33%
2026 Contributore Mike D'Antoni
33%
Nessun quiz corrispondente trovato
Distribuzione punteggi
Percentuale di utenti per punteggio
Percentile per numero di risposta
I tuoi punteggi nel tempo
Non hai fatto questo quiz